000 00323nam a22001337a 4500
008 250703b |||||||| |||| 00| 0 eng d
020 _a0911781102
050 _aHD65.5
_b.G49
100 _aGLENN, Reed
245 _aTen Best Opportunities
260 _aColorado
_bLive Oak Publication
_c1993
300 _a213p.
942 _cBK
999 _c4082
_d4082